| 000 | 00559nam a2200193 a 4500 | ||
|---|---|---|---|
| 005 | 20140310183334.0 | ||
| 008 | 060908s19uu xx 00 eng d | ||
| 020 | _a978-0-7506-7945-9 | ||
| 050 |
_aHT 325 _b.K65 2006 |
||
| 100 | _aKolb, Bonita M. | ||
| 245 |
_aTourism marketing for cities and towns: _busing branding and events to attract tourists. |
||
| 260 |
_aAmsterdam : _bElsevier, _c2006. |
||
| 300 |
_a310 p. : _c22 cm. |
||
| 521 | _aTOU | ||
| 650 |
_aCity _xPromotion. |
||
| 650 | _aTourism marketing. | ||
| 942 |
_cBK _2lcc _kFOR |
||
| 999 |
_c21650 _d21650 |
||